Les grandes métropoles du monde - Statistiques

Statistiques générales
  • Ce quiz a été pris 3 747 fois
  • Le résultat moyen est 14 sur 21
Statistiques - réponses
Pays Métropoles % Correct
France Paris
100%
Japon Kyoto, Tokyo, Osaka, Kobe
98%
Russie Moscou
95%
États-Unis Chicago, New York, Washington, Los Angeles
89%
Mexique Mexico
89%
Chine Shanghai, Pékin, Hong Kong, Chongqing
87%
Égypte Le Caire
86%
Inde Mumbai, Delhi, Calcutta
79%
Italie Milan
77%
Brésil Sao Paulo
74%
Argentine Buenos Aires
70%
Turquie Istanbul
67%
Indonésie Jakarta
60%
Thaïlande Bangkok
56%
Pérou Lima
53%
Canada Toronto
53%
Les Phillipines Manille
50%
Nigéria Lagos
49%
Iran Téhéran
45%
Bangladesh Dacca
36%
Pakistan Karachi
24%
Aucun quiz correspondant
Distribution des résultats
% des personnes avec chaque résultat
Percentile par nombre de réponses
Votre historique - résultats
Vous n’avez pas pris ce quiz